|
|
|
|
| LEADER |
00000nas a2200000 4500 |
| 001 |
ssj0009090 |
| 003 |
WaSeSS |
| 005 |
20200512172242.0 |
| 006 |
m d |
| 007 |
cr n |
| 008 |
780627d192819uutxumr p s l0 a0eng d |
| 010 |
|
|
|a sn 78001191
|
| 022 |
|
|
|l 0015-8089
|y 0015-8089
|
| 035 |
|
|
|a (WaSeSS)ssj0009090
|
| 037 |
|
|
|b Communications Division of the Fort Worth Chamber of Commerce, 700 Throckmorton St., Fort Worth, Tex. 76102
|
| 040 |
|
|
|a NSD
|b eng
|c NSD
|d AIP
|d NSD
|d NST
|d NSD
|d OCL
|d OCLCQ
|d IUA
|d OCLCO
|d OCLCF
|d OCL
|d OCLCO
|d OCLCQ
|d OCLCO
|d WaSeSS
|
| 042 |
|
|
|a nsdp
|
| 043 |
|
|
|a n-us-tx
|
| 210 |
0 |
|
|a Ft. Worth
|
| 222 |
|
0 |
|a Fort Worth
|
| 245 |
0 |
0 |
|a Fort Worth
|h [electronic resource].
|
| 246 |
1 |
4 |
|a FortWorth
|f <June 1978->
|
| 260 |
|
|
|a Fort Worth, Tex.,
|b Communications Division of the Fort Worth Chamber of Commerce.
|
| 310 |
|
|
|a Monthly,
|b <Aug. 1980->
|
| 321 |
|
|
|a Monthly (except semimonthly in May and Dec.)
|
| 362 |
1 |
|
|a Began in 1928.
|z Cf. Ulrich's international periodicals directory, 14th ed.
|
| 500 |
|
|
|a "Official publication of the Fort Worth Chamber of Commerce."
|
| 506 |
|
|
|a License restrictions may limit access.
|
| 650 |
|
0 |
|a Business enterprises
|z Texas
|z Fort Worth Metropolitan Area
|v Directories.
|
| 650 |
|
7 |
|a Business enterprises.
|2 fast
|0 (OCoLC)fst00842519
|
| 650 |
|
7 |
|a Commerce.
|2 fast
|0 (OCoLC)fst00869279
|
| 651 |
|
0 |
|a Fort Worth (Tex.)
|v Periodicals.
|
| 651 |
|
0 |
|a Fort Worth (Tex.)
|x Commerce
|v Directories.
|
| 651 |
|
7 |
|a Texas
|z Fort Worth.
|2 fast
|0 (OCoLC)fst01204692
|
| 651 |
|
7 |
|a Texas
|z Fort Worth Metropolitan Area.
|2 fast
|0 (OCoLC)fst01350657
|
| 655 |
|
0 |
|a Electronic journals.
|
| 710 |
2 |
|
|a Fort Worth Chamber of Commerce.
|
| 785 |
0 |
0 |
|t Fort Worth magazine
|x 1056-1919
|w (DLC)sn 91004358
|w (OCoLC)23127489
|
| 850 |
|
|
|a NN
|
| 856 |
4 |
0 |
|z Full text available from Research Library: 01/01/1986 to 10/31/1989
|u https://search.proquest.com/publication/29824
|